Reseña histórica de la Escuela de Ciencias Políticas

Guardat en:
Dades bibliogràfiques
Format: Text
Matèries:
Etiquetes: Afegir etiqueta
Sense etiquetes, Sigues el primer a etiquetar aquest registre!

MARC

LEADER 00000 a a2200000 04500
001 7503
003
040
245 |a Reseña histórica de la Escuela de Ciencias Políticas  
650 |a CIENCIA POLITICA  
650 |a UNIVERSIDADES  
650 |a HISTORIA DE LA EDUCACION  
773 |g número 16; páginas 60-61  
999 |c 21878  |d 21878